Affordable housing: the Mexican stand-off (Record no. 118341)

MARC details
000 -LEADER
fixed length control field 01915cam a2200349 4500
001 - CONTROL NUMBER
control field ABS68439
008 - FIXED-LENGTH DATA ELEMENTS--GENERAL INFORMATION
fixed length control field 041119n2004 000 0 eng u
035 ## - SYSTEM CONTROL NUMBER
System control number (Sirsi) u128059
100 ## - MAIN ENTRY--PERSONAL NAME
Personal name McChlery, F.
245 ## - TITLE STATEMENT
Title Affordable housing: the Mexican stand-off
260 ## - PUBLICATION, DISTRIBUTION, ETC.
Date of publication, distribution, etc. 2004
490 ## - SERIES STATEMENT
Series statement Scottish Planning and Environmental Law
Volume/sequential designation (105) October 2004, 106-107(2)
520 ## - SUMMARY, ETC.
Summary, etc. Discusses attempts in Scotland to provide affordable housing through the local plan and development control process. No advice has yet been received from the Scottish Executive on good practice in providing affordable housing through the planning system. The duties of local authorities as housing authority are derived from the Housing Acts 1987 and 1988 and the Housing (Scotland) Act 2001. None of the Housing Acts include powers to compel anyone to construct or provide any particular housing or type or tenure of housing. Nowhere in Scottish planning or housing legislation is the provision of housing for those in need made a function of the land use planning system, either directly or by inference. Concludes that using land use planning powers to meet problems intended to be addressed by the Housing Acts may be vulnerable to challenge.
590 ## - LOCAL NOTE (RLIN)
Local note ABS
590 ## - LOCAL NOTE (RLIN)
Local note ABS
650 ## - SUBJECT ADDED ENTRY--TOPICAL TERM
Topical term or geographic name entry element LOCAL PLAN
650 ## - SUBJECT ADDED ENTRY--TOPICAL TERM
Topical term or geographic name entry element DEVELOPMENT CONTROL
650 ## - SUBJECT ADDED ENTRY--TOPICAL TERM
Topical term or geographic name entry element R V HILLINGDON LBC EX P ROYCO HOMES LTD
650 ## - SUBJECT ADDED ENTRY--TOPICAL TERM
Topical term or geographic name entry element MOSS EMPIRES V GLASGOW ASSESSOR
650 ## - SUBJECT ADDED ENTRY--TOPICAL TERM
Topical term or geographic name entry element CREDIT SUISSE AND OTHERS V WALTHAM FOREST LBC
650 ## - SUBJECT ADDED ENTRY--TOPICAL TERM
Topical term or geographic name entry element PIGGINS AND RIX V MONTROSE PORT AUTHORITY
650 ## - SUBJECT ADDED ENTRY--TOPICAL TERM
Topical term or geographic name entry element LAND USE PL:ANNING
650 ## - SUBJECT ADDED ENTRY--TOPICAL TERM
Topical term or geographic name entry element SPP3
650 ## - SUBJECT ADDED ENTRY--TOPICAL TERM
Topical term or geographic name entry element R V TOWER HAMLETS LBC EX P BARRATT HOMES LTD
650 ## - SUBJECT ADDED ENTRY--TOPICAL TERM
Topical term or geographic name entry element WYCHAVON DC V WESTBURY HOMES (HOLDINGS) LTD
650 ## - SUBJECT ADDED ENTRY--TOPICAL TERM
Topical term or geographic name entry element HOUSING ACT 1987
650 ## - SUBJECT ADDED ENTRY--TOPICAL TERM
Topical term or geographic name entry element HOUSING ACT 1988
650 ## - SUBJECT ADDED ENTRY--TOPICAL TERM
Topical term or geographic name entry element HOUSING (SCOTLAND) ACT 2001
650 ## - SUBJECT ADDED ENTRY--TOPICAL TERM
Topical term or geographic name entry element SCOTLAND
690 ## - LOCAL SUBJECT ADDED ENTRY--TOPICAL TERM (OCLC, RLIN)
Topical term or geographic name as entry element HOUSING-DEVELOPMENT
942 ## - ADDED ENTRY ELEMENTS (KOHA)
Suppress in OPAC 0
Holdings
Withdrawn status Lost status Source of classification or shelving scheme Damaged status Not for loan Home library Current library Shelving location Date acquired Total Checkouts Full call number Barcode Date last seen Copy number Price effective from Koha item type
    Dewey Decimal Classification     London London Journal article 19/11/2004   ABS68439 128059-1001 06/08/2019 1 06/08/2019 Journal article